Inspired! : (Record no. 13500)
[ view plain ]
| 000 -LEADER | |
|---|---|
| fixed length control field | 02354cam a22003134a 4500 |
| 001 - CONTROL NUMBER | |
| control field | 13500 |
| 003 - CONTROL NUMBER IDENTIFIER | |
| rucl marc code | BD-RjUL |
| 005 - DATE AND TIME OF LATEST TRANSACTION | |
| control field | 20211208235450.0 |
| 008 - FIXED-LENGTH DATA ELEMENTS--GENERAL INFORMATION | |
| fixed length control field | 140201s2011 njua 001 0 eng |
| 020 ## - INTERNATIONAL STANDARD BOOK NUMBER | |
| International Standard Book Number | 9780470638453 |
| International Standard Book Number | 9780470933770 |
| 035 ## - SYSTEM CONTROL NUMBER | |
| System control number | (BD-RjUL)13551 |
| 040 ## - CATALOGING SOURCE | |
| Original cataloging agency | DLC |
| Transcribing agency | DLC |
| Modifying agency | DLC |
| -- | BD-RjUL |
| Language of cataloging | eng |
| 041 ## - LANGUAGE CODE | |
| Language code of text/sound track or separate title | eng |
| 082 00 - DEWEY DECIMAL CLASSIFICATION NUMBER | |
| Classification number | 658.575 |
| Edition number | 22 |
| Author mark and year | VEI 2011 |
| 100 1# - MAIN ENTRY--PERSONAL NAME | |
| Personal name | Venkatraman, Vik. |
| 9 (RLIN) | 42112 |
| 245 10 - TITLE STATEMENT | |
| Title | Inspired! : |
| Remainder of title | take your product dream from concept to shelf / |
| Statement of responsibility, etc. | Vik Venkatraman. |
| 260 ## - PUBLICATION, DISTRIBUTION, ETC. (IMPRINT) | |
| Place of publication, distribution, etc. | Hoboken, N.J. : |
| Name of publisher, distributor, etc. | Wiley, |
| Date of publication, distribution, etc. | 2010. |
| 300 ## - PHYSICAL DESCRIPTION | |
| Pagination | xvii, 254 p. ; |
| Illustrations | ill. ; |
| Size | 24 cm, |
| 500 ## - GENERAL NOTE | |
| General note | Includes index. |
| 520 ## - SUMMARY, ETC. | |
| Summary, etc. | "The definitive reference guide for developing, launching, and rolling out a new product Each year, thousands of new products are introduced to market. Most fail. What's worse is it doesn't have to be this way. The fact is product failure is rarely the result of either a lack of need or desire for a product, but, rather, is due to an entrepreneur who lacks the know-how to successfully develop, launch and rollout his or her product. Inspired! Take Your Product Dream from Concept to Shelf helps entrepreneurs to successfully navigate the marketplace, avoiding the common mistakes most people make, while finding traction faster, and building an attractive brand that players across the value chain will want will want to buy. Provides readers with inspiring true stories and anecdotes, as well as insightful interviews with top entrepreneurs and merchandisers. Presents invaluable research as to producers, designers, distributors, and retailers. Divided into three easy-to-follow sections - Development, Launch, and Rollout. With unemployment hovering around 10%, many individuals are turning to the world of entrepreneurship. Now more than ever individuals, start-ups, and small businesses need expert guidance on how to bring their products from concept to shelf. Inspired! provides that guidance."-- |
| 650 #0 - SUBJECT ADDED ENTRY--TOPICAL TERM | |
| Topical term or geographic name as entry element | New products |
| General subdivision | Marketing. |
| 9 (RLIN) | 41999 |
| Topical term or geographic name as entry element | Product management. |
| 9 (RLIN) | 42113 |
| 856 42 - ELECTRONIC LOCATION AND ACCESS | |
| Materials specified | Cover image |
| Uniform Resource Identifier | <a href="http://catalogimages.wiley.com/images/db/jimages/9780470638453.jpg">http://catalogimages.wiley.com/images/db/jimages/9780470638453.jpg</a> |
| Materials specified | Contributor biographical information |
| Uniform Resource Identifier | <a href="http://www.loc.gov/catdir/enhancements/fy1101/2010032276-b.html">http://www.loc.gov/catdir/enhancements/fy1101/2010032276-b.html</a> |
| 942 ## - ADDED ENTRY ELEMENTS (KOHA) | |
| Source of classification or shelving scheme | Dewey Decimal Classification |
| Koha item type | Books |
| Lost status | Source of classification or shelving scheme | Damaged status | Not for loan | Collection code | Permanent Location | Current Location | Shelving location | Date acquired | Source of acquisition | Cost, normal purchase price | Total Checkouts | Full call number | Date last seen | Copy number | Koha item type |
|---|---|---|---|---|---|---|---|---|---|---|---|---|---|---|---|
| Dewey Decimal Classification | Not For Loan | Non-fiction | Central Library, University of Rajshahi | Central Library, University of Rajshahi | Reading Room | 07/10/2013 | Asia Foundation | 26.95 | 658.575 VEI 2011 | 01/02/2014 | C-1 | Books | |||
| Dewey Decimal Classification | Non-fiction | Central Library, University of Rajshahi | Central Library, University of Rajshahi | 07/10/2013 | Asia Foundation | 26.95 | 658.575 VEI 2011 | 01/02/2014 | C-2 | Books |